000 00390nam a2200145 a 4500
005 20140412111421.0
008 080103s19uu xx 00 eng d
050 _aER
_bEa7 1998
100 _aChardiet, Bernice
245 _aThe Easter Ribbit /
_cby Bernice Chardiet.
260 _aNew York :
_bScholastic Inc,
_cc1998.
300 _aunpaged
650 _aFrogs
_xFiction
999 _c106020
_d106020